Statistics for Shabbat (Jewish quiz)

Click here to take the quiz!

General Stats

  • This quiz has been taken 347 times
    (251 since last reset)
  • The average score is 6 of 14

Answer Stats

HintAnswer% Correct
Common Shabbat greetingShabbat shalom
89%
Braided bread that tastes yummychallah
86%
How many candles are lit on Shabbat?two
68%
Wine is poured into a __________cupkiddush
52%
Jewish head covering worn by some during the mealkippah
51%
Which country (other than Israel) is mentioned in the Shabbat blessings?Egypt
48%
Ritual at the end of Shabbathavdalah
42%
The Shabbat preceding the_________festival is called the Great Shabbat (Shabbat ha-gadol) Passover
39%
Translation of the word 'shabbat' to Englishrest
36%
A barrier that allows observant Jews to carry items on Shabbat is called aneruv
28%
In this song, Shabbat is likened to abride
25%
Famous song welcoming Shabbatlecha dodi
25%
Famous brand of sweet wineManischewitz
25%
One of the items required for this ritual:spices
22%

Score Distribution

Percentile by Number Answered

Percent of People with Each Score

Your Score History

You have not taken this quiz since the last reset